Statistics for WWII Battleship Classes

Click here to take the quiz!

General Stats

  • This quiz has been taken 1,274 times
  • The average score is 13 of 29

Answer Stats

Hint Answer % Correct
USA/ 57,540 Tons2Iowa Class
86%
Japan/ 74,810 Tons1Yamato Class
84%
Germany/ 50,950 Tons3Bismarck Class
80%
Britain/ 48,350 Tons5Hood (Admiral Class)
61%
USA/ 35,930 Tons18Pennsylvania Class
56%
USA/ 44,300 Tons10North Carolina Class
55%
Britain/ 45,000 Tons8King George V Class
54%
USA/ 44,520 Tons9South Dakota Class
52%
Britain/ 43,140 Tons12Nelson Class
49%
USA/ 31,920 Tons25New York Class
49%
Japan/ 36,650 Tons14Kongo Class
45%
Germany/ 38,900 Tons13Scharnhorst Class
45%
Germany/ 15,900 Tons29Deutschland Class
43%
Britain/ 36,300 Tons16Queen Elizabeth Class
43%
USA/ 34,950 Tons21Colorado Class
42%
USA/ 31,700 Tons26Nevada Class
39%
USA/ 34,560 Tons22Tennessee Class
38%
Italy/ 45,750 Tons7Vittorio Veneto Class
38%
Japan/ 43,580 Tons11Nagato Class
37%
USA/ 36,160 Tons17New Mexico Class
37%
Japan/ 35,900 Tons19Fuso Class
36%
France/ 47,550 Tons6Richelieu Class
35%
Britain/ 32,730 Tons24Renown Class
35%
Britain/ 31,200 Tons27Revenge Class
32%
Britain/ 48,500 Tons4Vanguard
29%
Japan/ 36,500 Tons15Ise Class
28%
USA/ 30,610 Tons28Wyoming Class
25%
France/ 35,500 Tons20Dunkerque Class
24%
USA/ 34,250 Tons23Alaska Class
18%

Score Distribution

Percentile by Number Answered

Percent of People with Each Score

Your Score History

You have not taken this quiz